Every Zone 6 Tower - Statistics

General Stats
  • This quiz has been taken 5 times
  • The average score is 11 of 14
Answer Stats
Difficulty Tower % Correct
Challenging Tower of {Angled Scenery}
100%
Remorseless Tower of {Astral Fusion}
100%
Challenging Tower of {Break It, Buy It}
100%
Remorseless Tower of {Massive Overheating}
100%
Terrifying Tower of {Micro Management}
100%
Difficult Tower of {Rock Climbing}
100%
Extreme Tower of {The Dripping Amalgam}
100%
Intense Citadel of {Twists and Weirdness}
67%
Remorseless Tower of {Brief Challenges}
67%
Challenging Tower of {Conflicting Frontiers}
67%
Hard Tower of {Foreign Domains}
67%
Intense Tower of {Hazardous Laddering}
67%
Challenging Tower of {Hefty Magnitude}
33%
Intense Tower of {Watts}
33%
No matching quizzes found
Score Distribution
Percent of People with Each Score
Percentile by Number Answered
Your Score History
You have not taken this quiz